1662 1047 1996 1157 1845 1661 1676 1151 1117 1313 1300 1189 1244 1822 1547 1900 1685 1487 1425 1094 1690 1867 1935 1569 1998 1053 1851 1330 1964 1412 1712 1720 1259 1076 1852 1955 1927 1907 1839 1914 1357 1135 1209 1303 1617 1685 1027 1725 1612 1972 1973 1003 1747 1761 1386 1423 1641 1952 1022 1023 1971 1968 1112 1285 1494 1187 1182 1366 1101 1516 1800 1231 1497 1291 1436 1159 1022 1405 1821 1860 1948 1782 1238 1059 1273 1828 1515 1514 1240 1532 1119 1083 1820 1277 1179 1955 1184 1256 1884 BCNSPRNW ULIB Ver.6.0+V

เปลี่ยนเป็นภาษาไทย

Change to English
 แสดงรายละเอียดบรรณานุกรม
  กลับหน้าหลัก

Brief Record : Get Marc (ISO 2709) : E-mail record : QR code < ปิดหน้าต่าง
LEADER : 00000nam 2200000uu 4500
001    13399122049
003     ULIB
008    121221s2546||||th 000 0 tha d
020    ^a974958080X
060 04 ^aWJ368^bว145ร 2546
245 00 ^aโรคระบบทางเดินปัสสาวะสตรี =^bFemale urology /^cบรรณาธิการ,วชิร คชการ
246 31 ^aFemale urology
260    ^aกรุงเทพฯ :^bภาควิชาศัลยศาสตร์คณะแพทยศาสตร์โรงพยาบาลรามาธิบดี มหาวิทยาลัยมหิดล,^c2546
300    ^aviii, 220 หน้า :^bภาพประกอบ ;^c28 ซม.
504    ^aบรรณานุกรม
650  2 ^aUrology
650  2 ^aUrogenital System^xsurgery
650  7 ^aทางเดินปัสสาวะและอวัยวะสืบพันธุ์, ระบบ^xศัลยกรรม
650  7 ^aทางเดินปัสสาวะ, โรค
700 0  ^aวชิร คชการ,^eบรรณาธิการ
710 2  ^aมหาวิทยาลัยมหิดล. ^bคณะแพทยศาสตร์โรงพยาบาลรามาธิบดี.^bภาควิชาศัลยศาสตร์
945    ^p300^l0^i12976
995    ^aทศพร
999    ^aทศพร เกษรทอง
รายการนี้ยังไม่มีแท็ก
คุณยังไม่ได้ล็อกอิน คุณสามารถมีกิจกรรมร่วมกับเว็บไซต์ได้ แต่ต้องล็อกอินก่อน ::
  ล็อกอิน

รายการสื่อสารสนเทศ

ลำดับที่ ประเภท เลขเรียก/บาร์โค้ด สถานที่ สถานะ
1. วิทยาศาสตร์การแพทย์ และสุขภาพ
วิทยาศาสตร์การแพทย์ และสุขภาพ
WJ368 ว145ร 2546 ฉ.1 
  Barcode: 12976
ห้องสมุดวิทยาเขตสวรรค์ประชารักษ์
►หนังสือทั่วไป
บนชั้น

รายการใกล้เคียง
    หัวเรื่อง [Urology]
    หัวเรื่อง [ทางเดินปัสสาวะ, โรค]

BibComment


ยังไม่เคยถูกคอมเมนท์

คอมเมนท์ทรัพยากรรายการนี้
  คอมเมนท์: โรคระบบทางเดินปั..


 Copyright 2026. Bcnsprnw @Library